Cities with the Least Affordable Housing - Statistics

General Stats
  • This quiz has been taken 126 times
    98 since last reset
  • The average score is 15 of 20
Answers on the Map
Answers color-coded by a green-red scale on the quiz's map according to % correct below.
 
Answer Stats
Median Multiple Metropolitan Market % Correct
8.0 London (Greater London Authority)
94%
10.7 Los Angeles
94%
7.1 New York
93%
15.3 Sydney
91%
12.1 Melbourne
90%
8.1 Miami
85%
11.8 San Francisco
85%
7.5 Seattle
85%
11.2 Auckland
82%
7.1 Perth
82%
13.3 Vancouver
80%
7.4 Brisbane
75%
10.5 Toronto
74%
23.2 Hong Kong
70%
8.0 Adelaide
69%
10.1 San Diego
69%
12.0 Honolulu
61%
12.6 San Jose
58%
7.2 Denver
56%
7.4 Riverside-San Bernardino
21%
No matching quizzes found
Score Distribution
Percent of People with Each Score
Percentile by Number Answered
Your Score History
You have not taken this quiz since the last reset